000 00430nam a2200181Ia 4500
005 20240807110128.0
008 131103s9999 xx 000 0 und d
040 _aLoreto College
041 _aEnglish
082 _a822
_bDEL
100 _aDelaney, Shelagh
245 2 _aA taste of honey
_cShelagh Delaney
260 _aLondon
_bMethuen
_c1967
300 _a87p
650 _aEnglish drama
850 _aLCBED
942 _cBK
999 _c29765
_d80244